Countries in the Kingdom of Sicily - Statistics

General Stats
  • This quiz has been taken 89 times
  • The average score is 6 of 6
Answer Stats
Continent Answer % Correct
Europe Italy
99%
Africa Tunisia
97%
Africa Libya
96%
Europe Malta
92%
Europe Greece
91%
Europe Albania
86%
No matching quizzes found
Score Distribution
Percent of People with Each Score
Percentile by Number Answered
Your Score History
You have not taken this quiz